[Event "YUG-chT (Women)"]
[Site "Herceg Novi"]
[Date "2001.05.??"]
[Round "8"]
[White "Dimovska, Aleksandra"]
[Black "Kezele, Tamara"]
[Result "1-0"]
[WhiteElo "2066"]
[BlackElo "2045"]
[PlyCount "81"]
[EventDate "2001.05.??"]
[EventType "team"]
[EventRounds "11"]
[EventCountry "YUG"]
[SourceTitle "CBM 082 Extra"]
[Source "ChessBase"]
[SourceDate "2001.07.03"]
[SourceVersion "1"]
[SourceVersionDate "2001.07.03"]
[SourceQuality "1"]

1. e4 e6 2. d4 d5 3. Nc3 Bb4 4. e5 c5 5. a3 Bxc3+ 6. bxc3 Ne7 7. Qg4 Ng6 8. h4 h5 9. Qg3 c4 10. Nf3 Nc6 11. Ng5 Nce7 12. Qf3 Nf5 13. g3 f6 14. exf6 gxf6 15. Nh3 Qa5 16. Bd2 b5 17. Nf4 Nxf4 18. Qxf4 Kf7 19. Bh3 Ng7 20. Qf3 Qd8 21. 0-0 e5 22. Bg2 e4 23. Qe3 Nf5 24. Qf4 Rg8 25. Be1 Rg4 26. Qd2 Qg8 27. f3 e3 28. Qd1 Nxg3 29. fxg4 e2 30. Rxf6+ Kxf6 31. Qd2 Qxg4 32. Qg5+ Qxg5 33. hxg5+ Kxg5 34. Bxd5 Rb8 35. Bxg3 Rb6 36. Bf3 h4 37. Bc7 Rg6 38. Bxe2 Kf5+ 39. Kh2 Bb7 40. Rf1+ Ke6 41. Bf3 1-0

[Event "YUG-chT (Women)"]
[Site "Herceg Novi"]
[Date "2001.05.??"]
[Round "2"]
[White "Urosevic, Marija"]
[Black "Dimovska, Aleksandra"]
[Result "0-1"]
[WhiteElo "2069"]
[BlackElo "2066"]
[PlyCount "100"]
[EventDate "2001.05.??"]
[EventType "team"]
[EventRounds "11"]
[EventCountry "YUG"]
[SourceTitle "CBM 082 Extra"]
[Source "ChessBase"]
[SourceDate "2001.07.03"]
[SourceVersion "1"]
[SourceVersionDate "2001.07.03"]
[SourceQuality "1"]

1. d4 Nf6 2. c4 g6 3. Nc3 Bg7 4. e4 d6 5. f3 0-0 6. Bg5 b6 7. Qd2 c5 8. d5 Na6 9. Nge2 Nc7 10. Nc1 Bd7 11. Be2 Rb8 12. a4 a6 13. 0-0 b5 14. Be3 Rb7 15. Ra2 Qb8 16. b3 bxa4 17. Nxa4 Rb4 18. Nc3 Qb7 19. e5 Nfe8 20. exd6 exd6 21. Ne4 f5 22. Nxd6 Nxd6 23. Bxc5 Rb6 24. Bxb6 Qxb6+ 25. Kh1 f4 26. b4 Nf5 27. c5 Qf6 28. d6 Ng3+ 29. Kg1 Nxf1 30. Bxf1 Qd4+ 31. Qxd4 Bxd4+ 32. Kh1 Re8 33. Ne2 Nb5 34. Nxd4 Nxd4 35. Bc4+ Kg7 36. Kg1 Bb5 37. Bxb5 axb5 38. Rd2 Nc6 39. d7 Rd8 40. Rd6 Nxb4 41. c6 Nxc6 42. Rxc6 Rxd7 43. Rb6 Rd1+ 44. Kf2 Rd2+ 45. Kf1 Rb2 46. Kg1 b4 47. Kf1 b3 48. Kg1 Rb1+ 49. Kf2 b2 50. Ke2 Rg1 0-1

[Event "YUG-ch U20 Girls 27th"]
[Site "Tivat"]
[Date "2001.??.??"]
[Round "7"]
[White "Dimovska, Aleksandra"]
[Black "Popovic, Jelena"]
[Result "1-0"]
[WhiteElo "2065"]
[BlackElo "2015"]
[PlyCount "49"]
[EventDate "2001.??.??"]
[EventType "tourn"]
[EventRounds "12"]
[EventCountry "YUG"]
[SourceTitle "EXT 2003"]
[Source "ChessBase"]
[SourceDate "2002.11.25"]
[SourceVersion "1"]
[SourceVersionDate "2002.11.25"]
[SourceQuality "1"]

1. e4 c5 2. Nf3 d6 3. d4 cxd4 4. Nxd4 Nf6 5. Nc3 a6 6. Nb3 e6 7. Bd3 Be7 8. 0-0 0-0 9. f4 Nc6 10. Be3 b5 11. Qf3 Bd7 12. g4 Nb4 13. g5 Ne8 14. Qh5 Nxd3 15. cxd3 g6 16. Qh6 Ng7 17. f5 exf5 18. Nd5 Be6 19. Bd4 Ne8 20. Nxe7+ Qxe7 21. exf5 Bxf5 22. Rae1 Be6 23. Rf4 f5 24. Rh4 Rf7 25. Qxg6+ 1-0